000 00873nam a2200289 a 4500
001 000113811
003 CHAP
005 20220329144414.0
008 170927s2002 sp |r| ||1|||spa d
010 _a110272
011 _a111244
020 _a8484760359
040 _cCHAP
082 0 4 _a628.53
_bS47
100 0 0 _aSeoánez Calvo, Mariano.
_9104436
245 1 0 _aTratado de contaminación atmosférica :
_bproblemas, tratamiento y gestión /
_cpor Mariano Seoánez Calvo.
260 _aMadrid :
_bMundi Prensa,
_c2002.
300 _a1111 p.
490 _aColección ingeniería del medio ambiente
590 _aE5765TAJ
_b05
_c20170927
_lUCH01
_h0818
650 1 4 _aAire
_xContaminación.
_93138
650 1 4 _aQuímica del medio ambiente.
_993591
830 0 _aColección ingeniería del medio ambiente
_924880
901 _aBK
942 _cLIBRO
942 _n0
999 _c110272
_d110272